000 00562nam a2200169Ia 4500
003 GCL
008 140319s9999 xx 000 0 ara d
040 _aGCL /
_cGCL
082 0 4 _a911
_bهـ ا
100 1 _aهانى خيرو ابوغضيب
245 1 0 _aاطلس تاريخ العالم القديم والمعاصر /
_cهانى خيرو ابوغضيب
260 _aالاردن :
_bالمكتبة الجامعية ،
_c2004
300 _a128 ص ؛
_c24 سم
650 0 4 _aالاطالس
650 0 4 _aالاطالس التاريخية
942 _2ddc
_cBK
999 _c46313
_d46313